College Football on a Map: BIG TEN - Statistics

General Stats
  • This quiz has been taken 319 times
  • The average score is 11 of 14
Answers on the Map
Answers color-coded by a green-red scale on the quiz's map according to % correct below.
 
Answer Stats
Answer % Correct
Penn State
89%
Ohio State
88%
Wisconsin
86%
Maryland
82%
Minnesota
81%
Iowa
80%
Nebraska
80%
Rutgers
80%
Illinois
78%
Northwestern
73%
Indiana
68%
Michigan State
66%
Michigan
65%
Purdue
48%
No matching quizzes found
Score Distribution
Percent of People with Each Score
Percentile by Number Answered
Your Score History
You have not taken this quiz